[Event "23rd Dubai Open 2023"]
[Site "Dubai UAE"]
[Date "2023.05.29"]
[Round "3.13"]
[White "Smirin, Ilia"]
[Black "Gharibyan, Mamikon"]
[Result "1/2-1/2"]
[WhiteTitle "GM"]
[BlackTitle "IM"]
[WhiteElo "2599"]
[BlackElo "2500"]
[WhiteFideId "2801990"]
[BlackFideId "13308300"]
[EventDate "2023.05.27"]

1. e4 c5 2. Nf3 Nc6 3. Bb5 g6 4. O-O Bg7 5. c3 Nf6 6. Re1 O-O 7. d4 d5 8. e5 Ne4
9. Be3 Qb6 10. Bxc6 bxc6 11. Qc1 cxd4 12. cxd4 a5 13. Nc3 a4 14. Nxe4 dxe4 15.
Nd2 Bf5 16. h3 Qb5 17. g4 Bc8 18. Nxe4 Qd5 19. Bg5 f6 20. exf6 exf6 21. Bh6 f5
22. Bxg7 Kxg7 23. Nc3 Qd8 24. g5 f4 25. Ne4 h6 26. Qxc6 Ra6 27. Qc3 hxg5 28. d5+
Kh6 29. Nc5 Rd6 30. Ne6 Bxe6 31. Rxe6 Rxd5 32. Qc6 Rd1+ 33. Kh2 Rg8 34. Rxd1
Qxd1 35. Re8 1/2-1/2

[Event "23rd Dubai Open 2023"]
[Site "Dubai UAE"]
[Date "2023.05.29"]
[Round "3.14"]
[White "Bernadskiy, Vitaliy"]
[Black "Tiglon, Bryce"]
[Result "1-0"]
[WhiteTitle "GM"]
[BlackTitle "IM"]
[WhiteElo "2592"]
[BlackElo "2494"]
[WhiteFideId "14100371"]
[BlackFideId "2087456"]
[EventDate "2023.05.27"]

1. e4 c5 2. Nf3 d6 3. Bb5+ Nd7 4. O-O a6 5. Bd3 Ngf6 6. c3 b5 7. a4 Bb7 8. axb5
axb5 9. Rxa8 Qxa8 10. Bxb5 Bxe4 11. d4 Bxb1 12. dxc5 Be4 13. cxd6 exd6 14. Re1
Be7 15. Qe2 Qb7 16. Nd4 O-O 17. f3 d5 18. fxe4 dxe4 19. b4 Bd6 20. Nf5 Be5 21.
c4 Qc7 22. Kh1 g6 23. Nh6+ Kg7 24. g3 Bc3 25. Rf1 Ne5 26. Qe3 Nd3 27. c5 Qb7 28.
Nf5+ gxf5 29. Qh6+ Kg8 30. Rxf5 Ne8 31. Rh5 f6 32. Bc4+ Rf7 33. c6 Qa7 34. Qxh7+
Kf8 35. Qh8+ Ke7 36. Bxf7 Nc7 37. Qc8 Ne5 38. Rh8 Kxf7 39. Rh7+ 1-0

[Event "23rd Dubai Open 2023"]
[Site "Dubai UAE"]
[Date "2023.05.29"]
[Round "3.15"]
[White "Erdogmus, Yagiz Kaan"]
[Black "Niemann, Hans Moke"]
[Result "0-1"]
[WhiteTitle "IM"]
[BlackTitle "GM"]
[WhiteElo "2470"]
[BlackElo "2708"]
[WhiteFideId "44599790"]
[BlackFideId "2093596"]
[EventDate "2023.05.27"]

1. e4 c5 2. Nf3 d6 3. Bb5+ Nd7 4. d4 cxd4 5. Nxd4 Nf6 6. O-O a6 7. Bd3 Nc5 8.
Re1 g6 9. c4 Nxd3 10. Qxd3 Bg7 11. Nc3 O-O 12. f3 Nd7 13. Be3 Ne5 14. Qe2 Bd7
15. b3 Rc8 16. Rac1 Re8 17. Red1 Qa5 18. Qd2 Be6 19. Nxe6 fxe6 20. Ne2 Qxd2 21.
Rxd2 Rc7 22. Nf4 Kf7 23. Nd3 Nd7 24. a4 Rec8 25. Rdd1 b6 26. Kf2 Nc5 27. Rb1 Rb7
28. Ke2 h6 29. h4 h5 30. Kd2 Nd7 31. Rdc1 Ra8 32. Rc2 Nb8 33. Nb4 Be5 34. Ke2
Bf6 35. Bf2 Nd7 36. Nd3 b5 37. axb5 axb5 38. Rbc1 Ra3 39. b4 bxc4 40. Rxc4 Ne5
41. Nxe5+ Bxe5 42. Be1 d5 43. exd5 exd5 44. Rc5 e6 45. Ra5 Rb3 46. Rc6 Rb2+ 47.
Kf1 Bd4 48. Raa6 Re7 49. Rc8 Be3 50. Rh8 d4 51. g4 hxg4 52. fxg4 Kg7 0-1

[Event "23rd Dubai Open 2023"]
[Site "Dubai UAE"]
[Date "2023.05.29"]
[Round "3.16"]
[White "Rios, Cristhian Camilo"]
[Black "Iturrizaga Bonelli, Eduardo"]
[Result "1/2-1/2"]
[WhiteTitle "GM"]
[BlackTitle "GM"]
[WhiteElo "2469"]
[BlackElo "2637"]
[WhiteFideId "4403940"]
[BlackFideId "3901211"]
[EventDate "2023.05.27"]

1. d4 Nf6 2. c4 e6 3. Nc3 Bb4 4. Qc2 d5 5. a3 Bxc3+ 6. Qxc3 O-O 7. Nf3 dxc4 8.
Qxc4 b6 9. Bg5 Ba6 10. Qa4 c5 11. dxc5 bxc5 12. Rd1 Qb6 13. Bxf6 gxf6 14. Rd2
Nc6 15. Qg4+ Kh8 16. Qh4 Kg7 17. Qg4+ Kh8 18. Qh4 Kg7 19. Qg4+ Kh8 20. Qh4 1/2-1/2

[Event "23rd Dubai Open 2023"]
[Site "Dubai UAE"]
[Date "2023.05.29"]
[Round "3.17"]
[White "Karthikeyan, Murali"]
[Black "Chanda, Sandipan"]
[Result "1/2-1/2"]
[WhiteTitle "GM"]
[BlackTitle "GM"]
[WhiteElo "2627"]
[BlackElo "2460"]
[WhiteFideId "5074452"]
[BlackFideId "5004225"]
[EventDate "2023.05.27"]

1. e4 c5 2. Nf3 d6 3. d4 cxd4 4. Nxd4 Nf6 5. Nc3 a6 6. h3 e6 7. g4 Nfd7 8. Be3
b5 9. a3 Bb7 10. g5 Be7 11. h4 Nc6 12. Rh3 O-O 13. Qd2 Nc5 14. f3 Rb8 15. Nxc6
Bxc6 16. b4 Nd7 17. h5 a5 18. f4 Re8 19. Kf2 Bf8 20. Bd3 axb4 21. axb4 d5 22.
exd5 exd5 23. Ne2 Nb6 24. c3 Nc4 25. Bxc4 Qc8 26. Bxb5 Bxb5 27. Rg3 Bxe2 28.
Kxe2 d4 29. Qxd4 Rd8 30. Qe4 Qxc3 31. Rc1 1/2-1/2

[Event "23rd Dubai Open 2023"]
[Site "Dubai UAE"]
[Date "2023.05.29"]
[Round "3.18"]
[White "Panda, Sambit"]
[Black "Vakhidov, Jakhongir"]
[Result "1/2-1/2"]
[WhiteTitle "IM"]
[BlackTitle "GM"]
[WhiteElo "2436"]
[BlackElo "2607"]
[WhiteFideId "25091794"]
[BlackFideId "14201801"]
[EventDate "2023.05.27"]

1. d4 Nf6 2. c4 c5 3. d5 e5 4. Nc3 d6 5. e4 Nbd7 6. Bd3 a6 7. Nge2 Be7 8. h3 h5
9. Be3 Nh7 10. Qd2 h4 11. O-O Bg5 12. a4 Bxe3 13. Qxe3 Rb8 14. a5 O-O 15. Qd2 b6
16. axb6 Rxb6 17. Rfb1 Qg5 18. Qxg5 Nxg5 19. Ra4 g6 20. Bc2 Rd8 21. Nc1 Rb8 22.
Raa1 Nf6 23. f3 Rd7 24. Nd3 Rc7 25. Ba4 Rcb7 26. b4 cxb4 27. Bc6 bxc3 28. Bxb7
c2 29. Rb2 Rxb7 30. Rxb7 Bxb7 31. Ra2 a5 32. Rxa5 Nd7 33. Ra1 f5 34. exf5 gxf5
35. Rc1 Nc5 36. Nxc5 dxc5 37. Rxc2 Ba6 38. Ra2 Bxc4 39. Rc2 Bb3 40. Rxc5 Kf7 41.
Rb5 Bc4 42. Rc5 Ba2 43. Ra5 Bb1 44. Ra7+ Kf6 45. Ra6+ Ke7 46. Ra7+ 1/2-1/2

[Event "23rd Dubai Open 2023"]
[Site "Dubai UAE"]
[Date "2023.05.29"]
[Round "3.19"]
[White "Iskandarov, Misratdin"]
[Black "Hesham, Abdelrahman"]
[Result "1-0"]
[WhiteTitle "GM"]
[BlackTitle "GM"]
[WhiteElo "2577"]
[BlackElo "2409"]
[WhiteFideId "13400312"]
[BlackFideId "10600183"]
[EventDate "2023.05.27"]

1. e4 e5 2. Nf3 Nc6 3. Bb5 a6 4. Ba4 Nf6 5. O-O Be7 6. Re1 b5 7. Bb3 O-O 8. h3
Na5 9. Nxe5 Nxb3 10. axb3 Bb7 11. d3 d5 12. exd5 Qxd5 13. Qf3 Bd6 14. Qxd5 Nxd5
15. Bd2 Rfe8 16. Nf3 c5 17. c4 Rxe1+ 18. Nxe1 Nf4 19. Nc3 b4 20. Ne4 Bxe4 21.
Bxf4 Bxf4 22. dxe4 Rd8 23. Kf1 Rd6 24. Ra5 f6 25. Rxc5 Rd2 26. Rd5 Rxb2 27. Nd3
Rb1+ 28. Ke2 Bc7 29. Nxb4 Rb2+ 30. Rd2 Rxb3 31. Nxa6 Be5 32. Rc2 Kf7 33. Nc5 Ra3
34. Nd3 Bc7 35. c5 Ke6 36. Ke3 Ra4 37. f4 g5 38. fxg5 fxg5 39. Rf2 Ra3 40. Rf8
h5 41. Re8+ Kf7 42. Rh8 Be5 43. Rd8 Bh2 44. Kd4 g4 45. hxg4 hxg4 46. e5 Ke6 47.
Rd6+ Kf5 48. Rf6+ Kg5 49. Rf1 Ra2 50. c6 Rc2 51. Rc1 Rxc1 52. Nxc1 Kf5 53. Nd3
Ke6 54. Ke4 1-0

[Event "23rd Dubai Open 2023"]
[Site "Dubai UAE"]
[Date "2023.05.29"]
[Round "3.20"]
[White "Mishra, Abhimanyu"]
[Black "Sibashvili, Giorgi"]
[Result "1-0"]
[WhiteTitle "GM"]
[BlackTitle "IM"]
[WhiteElo "2550"]
[BlackElo "2408"]
[WhiteFideId "30920019"]
[BlackFideId "13602799"]
[EventDate "2023.05.27"]

1. e4 c5 2. Nf3 e6 3. c3 d5 4. exd5 Qxd5 5. d4 Nf6 6. Na3 a6 7. Nc4 Nbd7 8. Be2
cxd4 9. Nxd4 e5 10. Nf5 Qxd1+ 11. Bxd1 Nc5 12. Bc2 g6 13. Nfd6+ Bxd6 14. Nxd6+
Ke7 15. Nc4 Nfd7 16. Be3 Ne6 17. O-O-O Rd8 18. Rhe1 a5 19. Rd5 Nc7 20. Rxa5 Rxa5
21. Nxa5 Nd5 22. Bd2 f6 23. c4 Nc7 24. b4 Ke6 25. Be3 b6 26. Nc6 Re8 27. Rd1 Bb7
28. Be4 Ba8 29. g4 Nb8 30. Nd8+ Ke7 31. Bxb6 Bxe4 32. Bc5# 1-0

[Event "23rd Dubai Open 2023"]
[Site "Dubai UAE"]
[Date "2023.05.29"]
[Round "3.21"]
[White "Zou, Chen"]
[Black "Kacharava, Nikolozi"]
[Result "1/2-1/2"]
[WhiteTitle "IM"]
[BlackTitle "IM"]
[WhiteElo "2413"]
[BlackElo "2550"]
[WhiteFideId "8610959"]
[BlackFideId "13611860"]
[EventDate "2023.05.27"]

1. d4 d5 2. c4 e6 3. Nf3 Nf6 4. Nc3 c6 5. e3 Nbd7 6. Qc2 Bd6 7. b3 O-O 8. Be2 b6
9. O-O Bb7 10. Bb2 Qe7 11. Rad1 Rad8 12. Rfe1 Rfe8 13. e4 dxe4 14. Nxe4 Nxe4 15.
Qxe4 Bb4 16. Rf1 Bd6 17. Rfe1 Nf8 18. Qh4 f6 19. Bd3 Qf7 20. Be4 c5 21. Bxb7
Qxb7 22. Qe4 Qc8 23. h3 cxd4 24. Nxd4 Bc5 25. Nc2 Rd7 26. Qg4 Rxd1 27. Rxd1 Rd8
28. Ne1 Rxd1 29. Qxd1 Ng6 30. Nd3 Be7 31. Qe2 Qc6 32. f3 Bc5+ 33. Nxc5 Qxc5+ 34.
Qf2 Qf5 35. Bd4 Ne7 36. Qd2 h5 37. Bf2 Kf7 38. Kh2 g5 39. Qd7 Qa5 40. Bg3 e5 41.
h4 gxh4 42. Bxh4 Qa3 43. f4 exf4 44. Qd4 Ng8 45. Qd5+ Kf8 46. Qd8+ Kg7 47. Qc7+
Qe7 48. Qxf4 Nh6 49. Bg3 Qe6 50. Qd2 Ng4+ 51. Kg1 Qe4 52. Qe1 Qd4+ 53. Bf2 Qd6
54. Bg3 Qd4+ 55. Bf2 Qd7 56. c5 Qc7 57. cxb6 axb6 58. a4 Qd6 59. b4 h4 60. a5
bxa5 61. bxa5 h3 62. gxh3 Qh2+ 63. Kf1 Qxh3+ 64. Ke2 Ne5 65. Qg1+ Kf7 66. Qg3
Qe6 67. Qc3 Ng4+ 68. Kf1 Qf5 69. Qc7+ Kg6 70. Qg3 Kh5 71. Qh4+ Kg6 72. Qg3 Qb5+
73. Kg2 f5 74. Qd6+ Kh5 75. a6 Nxf2 76. Kxf2 Qa4 77. Qb6 Qc2+ 1/2-1/2

[Event "23rd Dubai Open 2023"]
[Site "Dubai UAE"]
[Date "2023.05.29"]
[Round "3.22"]
[White "Sviridov, Valery"]
[Black "Badelka, Olga"]
[Result "0-1"]
[BlackTitle "IM"]
[WhiteElo "2545"]
[BlackElo "2406"]
[WhiteFideId "4120680"]
[BlackFideId "13509926"]
[EventDate "2023.05.27"]

1. d4 Nf6 2. c4 e6 3. Nf3 d5 4. g3 Bb4+ 5. Bd2 a5 6. Qc2 O-O 7. Bg2 c5 8. cxd5
cxd4 9. Nxd4 Qb6 10. a3 Bc5 11. e3 Bxd4 12. exd4 Nxd5 13. Nc3 Nc6 14. Nxd5 exd5
15. Be3 Be6 16. O-O Rfc8 17. Qc5 Qb3 18. Qc3 a4 19. Qxb3 axb3 20. Rfc1 Na5 21.
Bd2 Nc4 22. Bc3 Nb6 23. Bf1 Na4 24. Bb4 Nxb2 25. Rcb1 Rc2 26. a4 g5 27. a5 Bd7
28. Ra3 Ba4 29. Bh3 Bc6 30. Rxb3 Nc4 31. Bf5 Ra2 32. Be7 Nd2 33. R3b2 R8xa5 34.
Rxa2 Rxa2 35. Rd1 h6 36. Kg2 Kg7 37. h4 g4 38. Bb4 Nc4 39. Re1 h5 40. Kg1 Nd2
41. Kg2 Nf3 42. Rb1 Ba4 43. Bc5 Bc2 44. Bxc2 Rxc2 45. Bd6 Kg6 46. Bf4 Nxd4 47.
Rxb7 Ne6 48. Rb6 Kf5 49. Bh6 d4 50. Rd6 Ke4 51. Rd7 Rc7 52. Rd6 d3 53. Be3 Rc2
54. Kf1 Ra2 55. Ke1 Re2+ 56. Kd1 Ra2 57. Rd7 f5 58. Rd6 Nc7 59. Rd4+ Ke5 60.
Rxd3 Nd5 61. Bd2 f4 62. gxf4+ Nxf4 63. Rb3 Nh3 64. f3 g3 65. f4+ Kd4 66. Rxg3
Nf2+ 67. Ke2 Rxd2+ 68. Kf1 Ng4 69. Ra3 Rf2+ 70. Kg1 Ke4 71. Ra4+ Kf3 72. Ra3+
Ne3 73. f5 Rf1+ 74. Kh2 Ke4 75. Ra4+ Kxf5 76. Kg3 Kg6 0-1

[Event "23rd Dubai Open 2023"]
[Site "Dubai UAE"]
[Date "2023.05.29"]
[Round "3.23"]
[White "Bai, Adelard"]
[Black "Lalit Babu M R"]
[Result "1/2-1/2"]
[WhiteTitle "FM"]
[BlackTitle "GM"]
[WhiteElo "2409"]
[BlackElo "2529"]
[WhiteFideId "16301188"]
[BlackFideId "5024595"]
[EventDate "2023.05.27"]

1. d4 Nf6 2. c4 e6 3. Nf3 Bb4+ 4. Bd2 Qe7 5. g3 Nc6 6. Bg2 Bxd2+ 7. Nbxd2 O-O 8.
O-O d6 9. e4 a5 10. d5 Nb8 11. dxe6 Qxe6 12. Nd4 Qe5 13. Nb5 Na6 14. Nc3 Bg4 15.
f3 Be6 16. Qe2 Rfe8 17. Rfd1 Nb4 18. Nb3 Qh5 19. Kh1 Nc6 20. Nb5 Re7 21. N3d4
Nxd4 22. Rxd4 Qc5 23. Rad1 Nd7 24. b3 a4 25. b4 Qb6 26. a3 Ne5 27. Nc3 c6 28. c5
dxc5 29. Nxa4 Qa7 30. Nxc5 Qxa3 31. Rd8+ Re8 32. Nxe6 fxe6 33. Rxa8 Rxa8 34. f4
Nf7 35. Qc4 Rd8 36. Rf1 Rd2 37. Qxe6 Qxb4 38. Ra1 Kf8 39. h4 Qd4 40. Ra8+ Nd8
41. Qf5+ Kg8 42. Qe6+ Kf8 43. Qf5+ Kg8 44. e5 Qf2 1/2-1/2

[Event "23rd Dubai Open 2023"]
[Site "Dubai UAE"]
[Date "2023.05.29"]
[Round "3.24"]
[White "Buksa, Nataliya"]
[Black "Karthik, Venkataraman"]
[Result "0-1"]
[WhiteTitle "IM"]
[BlackTitle "GM"]
[WhiteElo "2406"]
[BlackElo "2528"]
[WhiteFideId "14123622"]
[BlackFideId "25006479"]
[EventDate "2023.05.27"]

1. e4 c5 2. Nf3 d6 3. Bb5+ Bd7 4. Bxd7+ Nxd7 5. O-O Ngf6 6. Qe2 e6 7. c3 Be7 8.
d4 cxd4 9. cxd4 Nb6 10. Nc3 O-O 11. Bf4 Rc8 12. Rac1 a6 13. Rfd1 Re8 14. h3 h6
15. b3 d5 16. e5 Nh7 17. Qb2 Nd7 18. Ne2 Rc6 19. Qd2 Nb8 20. g3 Ba3 21. Rxc6
Nxc6 22. h4 Qe7 23. Nc3 Bb4 24. Qb2 Rc8 25. Nb1 Ba5 26. a3 Qd7 27. Rc1 Bb6 28.
Qd2 Qe7 29. b4 Qe8 30. Qb2 Nf8 31. Nbd2 Nxd4 32. Nxd4 Rxc1+ 33. Qxc1 Bxd4 34.
Nf3 Bb6 35. h5 Qc6 36. Qd2 Qc4 37. Be3 Nd7 38. Bxb6 Nxb6 39. Nd4 Qc7 40. f4 Nc4
41. Qd3 Qb6 42. Kg2 a5 43. Qc3 axb4 44. axb4 Qa6 45. Nc2 Qa2 46. Kh3 Qb1 47. Ne3
Qe4 48. Ng2 b5 49. g4 d4 50. Qg3 d3 51. g5 hxg5 52. fxg5 d2 0-1

[Event "23rd Dubai Open 2023"]
[Site "Dubai UAE"]
[Date "2023.05.29"]
[Round "3.25"]
[White "Vasquez Schroeder, Rodrigo"]
[Black "Anuj, Shrivatri"]
[Result "1/2-1/2"]
[WhiteTitle "GM"]
[BlackTitle "IM"]
[WhiteElo "2524"]
[BlackElo "2404"]
[WhiteFideId "3400042"]
[BlackFideId "35070924"]
[EventDate "2023.05.27"]

1. d4 Nf6 2. c4 e6 3. Nf3 d5 4. Nc3 Bb4 5. Qa4+ Nc6 6. a3 Bxc3+ 7. bxc3 Bd7 8.
cxd5 exd5 9. Qc2 Na5 10. Ne5 c5 11. dxc5 Qe7 12. Nd3 Nc4 13. Bg5 O-O 14. Nf4
Rfd8 15. Bxf6 Qxf6 16. e3 Ba4 17. Qd3 Rac8 18. Qd4 Rxc5 19. Bxc4 Qxd4 20. exd4
Rxc4 21. Kd2 Rc6 22. h4 h6 23. h5 Rb6 24. Rab1 Rxb1 25. Rxb1 Rd7 26. Re1 Kf8 27.
Re5 Bb3 28. g4 Rd6 29. Nd3 Bc4 30. Nc5 b6 31. Na4 Rf6 32. Ke3 Rc6 33. Kd2 Rf6
34. Ke3 Rc6 1/2-1/2

[Event "23rd Dubai Open 2023"]
[Site "Dubai UAE"]
[Date "2023.05.29"]
[Round "3.26"]
[White "Miladinovic, Igor"]
[Black "Mandura, Tijana"]
[Result "1-0"]
[WhiteTitle "GM"]
[BlackTitle "WIM"]
[WhiteElo "2507"]
[BlackElo "2203"]
[WhiteFideId "4203380"]
[BlackFideId "16500270"]
[EventDate "2023.05.27"]

1. c4 e5 2. Nc3 Bb4 3. e3 Nf6 4. Nge2 O-O 5. a3 Be7 6. Ng3 d5 7. cxd5 Nxd5 8.
Qc2 c5 9. Nxd5 Qxd5 10. Bd3 g6 11. h4 Nc6 12. h5 Kg7 13. b3 Be6 14. Rb1 Rad8 15.
Be4 Qd6 16. Bb2 Bd5 17. hxg6 hxg6 18. f4 Rh8 19. Ke2 Rxh1 20. Rxh1 Rh8 21. Rxh8
Kxh8 22. fxe5 Nxe5 23. Bxd5 Qxd5 24. Qe4 Qxe4 25. Nxe4 f6 26. Bxe5 fxe5 27. a4
a6 28. Kd3 b5 29. axb5 axb5 30. Nc3 b4 31. Ne4 1-0

[Event "23rd Dubai Open 2023"]
[Site "Dubai UAE"]
[Date "2023.05.29"]
[Round "3.27"]
[White "Xue, Haowen"]
[Black "Davtyan, Artur"]
[Result "1/2-1/2"]
[BlackTitle "IM"]
[WhiteElo "2335"]
[BlackElo "2506"]
[WhiteFideId "8625492"]
[BlackFideId "13308327"]
[EventDate "2023.05.27"]

1. d4 Nf6 2. c4 e6 3. Nf3 b6 4. g3 Bb4+ 5. Bd2 Be7 6. Bg2 c6 7. Nc3 Ba6 8. Qa4
O-O 9. O-O d5 10. Ne5 b5 11. cxb5 cxb5 12. Nxb5 Qe8 13. Nc3 Qxa4 14. Nxa4 Bxe2
15. Rfc1 Nfd7 16. Nxd7 Nxd7 17. Rc7 Rfd8 18. Ba5 Ba6 19. Nc5 Nxc5 20. Rxe7 Rd7
21. Rxd7 Nxd7 22. Rc1 Rc8 23. Rxc8+ Bxc8 24. Bc7 Kf8 25. Bd6+ Ke8 26. Bf1 Nf6
27. f3 Kd8 28. Bc5 a6 29. Kf2 Kd7 30. Bd3 g6 31. Ke3 Ne8 32. b3 Nd6 33. h4 f6
34. Bxd6 Kxd6 35. h5 f5 36. hxg6 hxg6 37. Kf4 a5 38. Bb5 e5+ 39. dxe5+ Kc5 40.
Be8 d4 41. Bxg6 Kb4 42. Bxf5 Bxf5 43. Kxf5 d3 44. e6 d2 45. e7 d1=Q 46. e8=Q
Qxf3+ 47. Ke6 Qe2+ 48. Kd7 Qb5+ 49. Kd8 Qb8+ 50. Ke7 Qe5+ 51. Kf8 Qh8+ 52. Kf7
Qh5+ 53. Kf8 Qh8+ 54. Kf7 Qh5+ 55. Kf8 Qh8+ 1/2-1/2

[Event "23rd Dubai Open 2023"]
[Site "Dubai UAE"]
[Date "2023.05.29"]
[Round "3.28"]
[White "Gavrilescu, David"]
[Black "Winkelman, Albert"]
[Result "1/2-1/2"]
[WhiteTitle "GM"]
[BlackTitle "FM"]
[WhiteElo "2535"]
[BlackElo "2227"]
[WhiteFideId "1227190"]
[BlackFideId "3219941"]
[EventDate "2023.05.27"]

1. e4 e5 2. Nf3 Nc6 3. Bb5 a6 4. Ba4 Nf6 5. O-O Be7 6. Re1 b5 7. Bb3 d6 8. c3
O-O 9. h3 Nb8 10. d4 Nbd7 11. Nbd2 Bb7 12. Bc2 c5 13. d5 c4 14. Nf1 Qc7 15. g4
Rfb8 16. Ng3 Bc8 17. Bd2 a5 18. a3 Nc5 19. Kg2 Na6 20. Rh1 b4 21. axb4 axb4 22.
cxb4 Rb6 23. g5 Nd7 24. Nf5 Bd8 25. N3h4 Nf8 26. Nxg7 Kxg7 27. Qh5 Qb7 28. Kh2
Kg8 29. Qh6 Ng6 30. Nf5 Bxf5 31. exf5 Be7 32. fxg6 fxg6 33. Be4 Bf8 34. Qh4 Nxb4
35. Rxa8 Qxa8 36. Rc1 Na6 37. Rxc4 Rxb2 38. Be3 Rb4 39. Rc6 Ra4 40. Qg4 Qe8 41.
Bxg6 Rxg4 42. Bxe8 Ra4 43. Bd7 Ra5 44. Be6+ Kg7 45. Bb6 Ra2 46. Bd8 Kg6 47. Bf6
h6 48. h4 hxg5 49. hxg5 Nc5 50. Rc8 Bg7 51. Bxg7 Kxg7 52. Kg2 Nxe6 53. dxe6 Ra7
54. Rd8 Kg6 55. Rd7 Ra8 56. Rxd6 Kxg5 57. Kf3 Kf5 58. Ke3 Re8 59. f3 Rxe6 60.
Rxe6 1/2-1/2

[Event "23rd Dubai Open 2023"]
[Site "Dubai UAE"]
[Date "2023.05.29"]
[Round "3.29"]
[White "Uskov, Artem"]
[Black "Chernobay, Artem"]
[Result "0-1"]
[WhiteTitle "IM"]
[BlackTitle "GM"]
[WhiteElo "2367"]
[BlackElo "2484"]
[WhiteFideId "34254854"]
[BlackFideId "4167406"]
[EventDate "2023.05.27"]

1. e4 e6 2. d4 d5 3. Nc3 Bb4 4. e5 c5 5. a3 Bxc3+ 6. bxc3 Ne7 7. Qg4 O-O 8. Bd3
Nbc6 9. Nf3 f5 10. exf6 Rxf6 11. Bg5 e5 12. Qg3 Rxf3 13. gxf3 c4 14. Be2 exd4
15. O-O Bf5 16. Rfe1 Bxc2 17. cxd4 Nf5 18. Qg4 Qd6 19. Bf4 Qg6 20. Qxg6 hxg6 21.
Be3 Nfxd4 22. Bxd4 Nxd4 23. Bd1 Rd8 24. Kg2 Kf7 25. a4 b6 26. Ra2 Bf5 27. Rd2
Ne6 28. Kg3 d4 29. Ra2 Kf6 30. a5 b5 31. a6 b4 32. Ra4 Rb8 33. f4 c3 34. Bg4 b3
35. Rc4 Rb6 0-1

[Event "23rd Dubai Open 2023"]
[Site "Dubai UAE"]
[Date "2023.05.29"]
[Round "3.30"]
[White "Mosadeghpour, Masoud"]
[Black "Liyanage, Ranindu Dilshan"]
[Result "1-0"]
[WhiteTitle "GM"]
[BlackTitle "FM"]
[WhiteElo "2479"]
[BlackElo "2342"]
[WhiteFideId "12519278"]
[BlackFideId "9915834"]
[EventDate "2023.05.27"]

1. e4 e5 2. Nf3 Nc6 3. Nc3 Nf6 4. h3 Bb4 5. Bd3 O-O 6. O-O d6 7. Ne2 d5 8. exd5
Qxd5 9. a3 Bc5 10. b4 Bd4 11. Nfxd4 Nxd4 12. Nxd4 Qxd4 13. Rb1 e4 14. Be2 Bf5
15. Bb2 Qd6 16. c4 Rad8 17. Bc3 b5 18. c5 Qe6 19. Bxf6 Qxf6 20. Bxb5 Qg5 21. Qb3
Rxd2 22. Rbd1 Rfd8 23. Rxd2 Rxd2 24. Bc4 Kf8 25. b5 f6 26. b6 axb6 27. cxb6 cxb6
28. Qb4+ Ke8 29. Qxb6 Bd7 30. Qb8+ Ke7 31. Qb4+ Ke8 32. Qb8+ Ke7 33. Qb4+ Ke8
34. Re1 f5 35. Qb8+ Qd8 36. Qf4 Bc8 37. Rxe4+ Kf8 38. Bb5 Rd1+ 39. Kh2 g5 40.
Qf3 Qd6+ 41. g3 Kg7 42. Re8 Be6 43. Rxe6 1-0

[Event "23rd Dubai Open 2023"]
[Site "Dubai UAE"]
[Date "2023.05.29"]
[Round "3.31"]
[White "Farahat, Ali"]
[Black "Raja, Rithvik R"]
[Result "1/2-1/2"]
[WhiteTitle "IM"]
[BlackTitle "GM"]
[WhiteElo "2361"]
[BlackElo "2476"]
[WhiteFideId "10600507"]
[BlackFideId "35007394"]
[EventDate "2023.05.27"]

1. Nf3 d5 2. d4 Nf6 3. e3 e6 4. c4 a6 5. Nc3 dxc4 6. Bxc4 b5 7. Bd3 Bb7 8. O-O
c5 9. Qe2 Nbd7 10. Rd1 cxd4 11. exd4 Be7 12. Bf4 O-O 13. Rac1 Rc8 14. Ne5 Nb6
15. Ng4 Nbd5 16. Be5 Nxc3 17. bxc3 Nxg4 18. Qxg4 Bf6 19. Bxf6 Qxf6 20. Be4 Qe7
21. Bxb7 Qxb7 22. a4 Rc4 23. axb5 axb5 24. Qf3 Qxf3 25. gxf3 Rfc8 26. Rb1 Rxc3
27. Rxb5 Rxf3 28. d5 Rf5 29. Rb7 Rd8 30. d6 g6 31. Kf1 Kg7 32. Ke2 Kf6 33. Rd3
Re5+ 34. Kf1 Rd5 35. Rf3+ Rf5 36. Rd3 g5 37. Ra7 h5 38. h3 Kg6 39. Re7 Kf6 40.
Ra7 Rf4 41. Kg2 e5 42. Re7 g4 43. Rd5 gxh3+ 44. Kxh3 Rf5 45. f4 Rxf4 46. Rexe5
Rxd6 47. Rxh5 Rxd5 48. Rxd5 Rf5 49. Rd1 Rg5 50. Rf1+ Kg6 51. Ra1 f6 52. Ra4 Kh5
53. Rh4+ Kg6 54. Rg4 Kf5 55. Rxg5+ Kxg5 56. Kg3 f5 1/2-1/2

[Event "23rd Dubai Open 2023"]
[Site "Dubai UAE"]
[Date "2023.05.29"]
[Round "3.32"]
[White "Batchuluun, Tsegmed"]
[Black "Mkrtchyan, Mariam"]
[Result "1-0"]
[WhiteTitle "GM"]
[BlackTitle "WIM"]
[WhiteElo "2466"]
[BlackElo "2360"]
[WhiteFideId "4900847"]
[BlackFideId "13310828"]
[EventDate "2023.05.27"]

1. d4 Nf6 2. c4 e6 3. g3 d5 4. Nf3 Bb4+ 5. Bd2 Be7 6. Bg2 O-O 7. O-O c6 8. Qc2
Nbd7 9. Rd1 a5 10. Bf4 a4 11. Ne5 Nxe5 12. dxe5 Nd7 13. cxd5 exd5 14. e4 Nb6 15.
exd5 Nxd5 16. Nc3 Be6 17. Nxd5 cxd5 18. a3 Qd7 19. Rd2 Rfc8 20. Qd1 Ra5 21. Be3
Bc5 22. Bd4 Bxd4 23. Rxd4 Qc6 24. h4 h6 25. Qd2 Rc5 26. Rd1 Rc2 27. Qb4 Rc1 28.
Kh2 Rxd1 29. Rxd1 Qc2 30. Rd2 Qc1 31. Bxd5 Rd8 32. Qa5 Rxd5 33. Rxd5 Bxd5 34.
Qd8+ Kh7 35. Qxd5 Qxb2 36. Qxf7 Qxe5 37. Qxb7 Qd4 38. Qf3 Qc4 39. Kg2 Kg8 40.
Qe3 Qd5+ 41. Kf1 Qc4+ 42. Kg1 Qc6 43. Kh2 Kh8 44. Qf4 Kg8 45. g4 Qb5 46. g5 hxg5
47. hxg5 Qc6 48. Kg3 Qc2 49. f3 Qd1 50. Qc4+ Kf8 51. Qc5+ Kf7 52. Kg4 g6 53.
Qc7+ Kf8 54. Qb8+ Kf7 55. Qa7+ Kf8 56. Qb6 Qc2 57. Qf6+ Kg8 58. Qe6+ Kg7 59.
Qe5+ Kf7 60. Kg3 Kg8 61. Qe4 Qc7+ 62. Kg2 Qd6 63. Qe3 Qc6 64. Qe4 Qd6 65. Qa8+
Kg7 66. Qa7+ Kg8 67. Qxa4 Qd2+ 68. Kh3 Qxg5 69. Qc4+ Kg7 70. Qd4+ Kf7 71. a4
Qf5+ 72. Kg3 Qa5 73. Kf4 Qc7+ 74. Ke4 Qc2+ 75. Ke3 Qc1+ 76. Kf2 Qc2+ 77. Kg3 Qa2
78. Qa7+ Kf6 79. Qb6+ Kf7 80. Qc7+ Kg8 81. Qd8+ Kg7 82. a5 Qa1 83. Qc7+ Kh6 84.
Qf4+ Kg7 85. Qd2 Qe5+ 86. Kg2 Qa1 87. Qd7+ Kh6 88. Qd2+ Kg7 89. Kf2 Qa3 90. Qd5
Qb2+ 91. Ke3 Qc3+ 92. Ke4 Qe1+ 93. Kd4 Qb4+ 94. Ke5 Qe7+ 95. Kf4 Qh4+ 96. Ke3
Qe1+ 97. Kd3 Qd1+ 98. Kc4 Qa4+ 99. Kc3 Qa3+ 100. Kc2 Qa4+ 101. Kb2 Qb4+ 102. Kc2
Qa4+ 103. Kd2 Qb4+ 104. Ke2 Qb2+ 105. Kf1 Qc1+ 106. Kg2 Qb2+ 107. Kh3 Qa1 108.
Qd7+ Kh6 109. Qd2+ Kg7 110. f4 Qh1+ 111. Kg3 Qg1+ 112. Kf3 Qh1+ 113. Ke3 Qh3+
114. Kd4 Qd7+ 115. Kc3 Qc6+ 116. Kb3 Qb5+ 117. Ka3 Qc5+ 118. Qb4 Qe3+ 119. Ka4
Qe8+ 120. Kb3 Kh7 121. Qb7+ Kh6 122. Qh1+ Kg7 123. Qa1+ Kh7 124. Qe5 Qf7+ 125.
Kb4 Qb7+ 126. Kc5 Qa7+ 127. Kd6 Qa6+ 128. Ke7 Qb7+ 129. Kf8 Qc8+ 130. Qe8 Qa6
131. Qe7+ Kh6 132. Qh4# 1-0